000 00524nam a2200193 a 4500
001 1778578638738
003 YourLibrary
005 20260512150839.0
008 260512s2007##################000#0#eng##
020 _a9783039107889
082 0 4 _a420.9
_bPER
100 1 _aPérez-Guerra, Javier,
_eauthor.
245 1 0 _a'Of Varying Language and Opposing Creed' :
260 _bPeter Lang,
_c2007.
300 _a468 pages
650 0 _aForeign Language Study.
942 _cENGLISH
040 _aYourLibrary
_beng
_cYourLibrary
999 _c623151
_d623151